Microsoft word for windows : the pocket reference

Bibliographic Details
Main Author: CRAIG, Deborah
Format: Book
Published: California : Osborne McGraw-Hill , 1994
Series:Covers version 6
Subjects:

MARC

LEADER 00000cam a2200000 7i4500
001 0000002457
002 000002677
005 20000330.0
020 |a 007882012X 
090 0 0 |a 652.5   |b CRA 
100 1 |a CRAIG, Deborah 
245 1 0 |a Microsoft word for windows :   |b the pocket reference   |c Deborah Craig 
260 |a California :   |b Osborne McGraw-Hill ,   |c 1994 
300 |a 207p. ;   |c 18cm. 
490 0 |a Covers version 6 
650 0 0 |a Word processing 
999 |a 036170   |b BUKU   |c RUJUKAN   |e PERPUSTAKAAN KOMUNITI PETALING JAYA